000
00455nam a2200169Ia 4500
008
090711s9999 xx 000 0 und d
082
_b
49364
100
_a
लागू िSतांामणी
245
_a
कोहरा
260
_c
1984
300
_a
192
600
_a
लागू िSतांामणी
630
_a
कोहरा
700
_a
लागू िSतांामणी
730
_a
कोहरा
942
_c
BOOK
999
_c
301215
_d
301215